000 00500nam a22001937a 4500
003 LK-CoDNM
005 20250107101651.0
008 250107b |||||||| |||| 00| 0 eng d
040 _aLK-CoDNM
_dLK-CoDNM
_eLK-CoDNM
041 _aeng
080 _a4
_bI9
100 _aJohn Edward
245 _aSupplement To The Catalogue Of Shield Reptiles
250 _aThe Brithish Museum
260 _aLondon
_bThe Trustees
_c1870
300 _a120p. : ill , 27 cm
650 _aScience
942 _cBK
999 _c235185
_d235185